Culture Générale - Série 1592 - Statistiques

Statistiques générales
  • Ce quiz a été pris 139 fois
  • Le résultat moyen est 4 sur 10
Statistiques - réponses
Question Réponse % Correct
Complétez le proverbe : "La nuit, tous les chats sont... gris
98%
Dans le commerce du pétrole, quel petit tonneau sert d'unité anglo-saxonne de mesure de volume ? baril
81%
Quand on parle à un groupe de personnes sans s'adresser précisément à aucune, on dit qu'on parle à la... cantonade
38%
Quel est l'autre nom de la lotte de mer, ce grand poisson à grosse tête couverte d'épines ? baudroie
34%
Dans quel vase sacré conserve-t-on les hosties consacrées pour la communion ? ciboire
30%
En 1977, quel cinéaste interprète le rôle d'un savant dans le film “Rencontres du 3e type” ? François Truffaut
26%
Quel est le second prénom de l'ancien président des Etats Unis Barack Obama ? Hussein
25%
Dans les années 1980, quel chanteur et guitariste de rock britannique interprète les tubes "Josephine" et "On The Beach" ? Chris Rea
16%
Quelle préparation culinaire est constituée de tripes de mouton, roulées en petits paquets et mijotées en sauce ? tripoux
15%
Quelle est l'unité monétaire principale du Costa Rica ? colón
3%
Aucun quiz correspondant
Distribution des résultats
% des personnes avec chaque résultat
Percentile par nombre de réponses
Votre historique - résultats
Vous n’avez pas pris ce quiz